000 00529nam a2200193Ia 4500
008 151121s9999||||xx |||||||||||||| ||und||
082 _a813/कदम
082 _bHNW-69842
100 _aकदम बाबा
245 _aरिवार्ड
260 _b"मधुर प्रकाशन, पुणे।"
260 _c--
300 _a350
600 _aकदम बाबा
630 _aरिवार्ड
700 _aकदम बाबा
730 _aरिवार्ड
942 _cBOOK
999 _c1251322
_d1251319